Movies Quiz

Random Movies or Actor Quiz

Shared Movie Chain Quiz Stats

Quiz Updated Sep 20, 2013

Challenge
Share
Tweet
Embed
Score 0/40 Timer 08:00
3 Plays Today
First Movie Common Actor % Correct
Se7enBrad Pitt
88.5%
Edward ScissorhandsJohnny Depp
88.5%
Bruce AlmightyJim Carrey
86.6%
The ProposalSandra Bullock
86%
Along Came PollyBen Stiller
85.4%
Mr. & Mrs. SmithAngelina Jolie
81.8%
The GodfatherAl Pacino
81.1%
ZoolanderWill Ferrell
78.8%
The MaskCameron Diaz
76.6%
Face/OffJohn Travolta
76.3%
Live Free or Die HardBruce Willis
75.8%
Bad BoysWill Smith
75.5%
Year OneJack Black
75.3%
Wedding CrashersVince Vaughn
75%
Gone in 60 SecondsNicolas Cage
69.7%
Charlie's AngelsDrew Barrymore
65%
The Dark KnightMorgan Freeman
63.2%
Waiting...Ryan Reynolds
60.5%
The Rocky Horror Picture ShowSusan Sarandon
60.4%
JunoMichael Cera
59.7%
First Movie Common Actor % Correct
Thelma and LouiseGeena Davis
59.5%
Whip ItEllen Page
57.6%
It's ComplicatedMeryl Streep
56.6%
Wild HogsMartin Lawrence
56.5%
Shallow HalGwyneth Paltrow
56.2%
ElfJames Caan
52.6%
BeetlejuiceAlec Baldwin
50.2%
ClueTim Curry
49.7%
Sin CityJessica Alba
46%
Reality BitesWinona Ryder
46%
Miss CongenialityMichael Caine
43.5%
Sleepy HollowChristina Ricci
40.4%
DoubtPhilip Seymour Hoffman
39.7%
Batman ReturnsChristopher Walken
38.5%
Good Luck ChuckDane Cook
35.7%
Dodgeball: A True Underdog StoryJustin Long
35.3%
ScarfaceMichelle Pfeiffer
33.1%
The Addams FamilyChristopher Lloyd
25.1%
The Legend of Bagger VanceCharlize Theron
15.6%
That Thing You Do!Steve Zahn
12.1%

You're not logged in!

Compare scores with friends on all Sporcle quizzes.
Sign Up with Email
OR
Log In

You Might Also Like...

Show Comments

Extras

Top Quizzes Today


Score Distribution

Your Account Isn't Verified!

In order to create a playlist on Sporcle, you need to verify the email address you used during registration. Go to your Sporcle Settings to finish the process.